[Event "Managua Bayardo Muniz Memorial 5th"]
[Site "Managua"]
[Date "2023.03.19"]
[Round "6"]
[White "Aguilar Bejarano, Pablo Sebastian"]
[Black "Avilez Sanchez, Ruy Marcelino"]
[Result "1/2-1/2"]
[WhiteElo "1475"]
[BlackElo "1477"]
[PlyCount "29"]
[EventDate "2023.03.10"]
[EventType "tourn"]
[EventRounds "9"]
[EventCountry "NCA"]
[SourceTitle "EXT 2024"]
[Source "ChessBase"]
[SourceDate "2023.10.10"]
[SourceVersion "1"]
[SourceVersionDate "2023.10.10"]
[SourceQuality "1"]

1. Nf3 g6 2. d4 d5 3. Bf4 Bg7 4. e3 Nf6 5. Be2 Nbd7 6. c4 c6 7. 0-0 0-0 8. Nc3 Re8 9. Rc1 dxc4 10. Bxc4 Nb6 11. Bb3 Nh5 12. Bg5 h6 13. Bh4 Nd5 14. Nxd5 cxd5 15. h3 1/2-1/2